| 000 | 01049nam a22003017a 4500 | ||
|---|---|---|---|
| 001 | 7548 | ||
| 003 | FISKH | ||
| 005 | 20250807131945.0 | ||
| 008 | 250723b cb ||||| |||| 00| 0 eng d | ||
| 020 | _a9780439810654 | ||
| 040 |
_aFISKH _beng _cFISKH _dFISKH |
||
| 050 | _aE302.F8 G46 | ||
| 082 | _a973.3 | ||
| 100 | _aGiblin, James Cross | ||
| 245 |
_aThe amzing life of Benjamin Franklin / _cby James Cross Giblin : illustrated by Michael Dooling |
||
| 250 | _aFirst Scholastic printing, Januarty 2006 | ||
| 260 |
_aNew York : _bScholastic , _c2000. |
||
| 300 |
_a48 pges : _bcolor illustrations ; _c26 cm. |
||
| 505 | _aW | ||
| 520 | _aA biography of the eighteenth-century printer, inventor, and statesman who played an influential role in the early history of the United States. | ||
| 521 | 8 |
_a881
_bLexile |
|
| 521 | 8 |
_aW
_bRaz-Plus |
|
| 650 |
_aRevolutionary War _vNon-fiction |
||
| 650 |
_aFounding Fathers _vNon-fiction |
||
| 700 |
_aDooling, Michael _eIllustrator |
||
| 942 |
_2ddc _cBK _n0 |
||
| 999 |
_c7548 _d7548 |
||